000 00431nam a2200181Ia 4500
001 1188
005 20260306140613.0
008 260306t2009||||xx |||||||||||||| ||spa||
041 _aESP
082 _a189
_bA32 T. 3
100 _aAgustín, San
_eAUT
245 0 _aObras completas III:
_bobras filosóficas
260 _c2009
300 _a960 páginas :
_c20 cm.
650 _aGEN
654 _aCHU
942 _cLIB
_dJUS
_fJUS
_2ddc
_n
999 _c1188
_d1188